| 000 | 00740nam a2200241 i 4500 | ||
|---|---|---|---|
| 001 | 88765 | ||
| 003 | ES-MaACL | ||
| 005 | 20260209171125.0 | ||
| 007 | t| | ||
| 008 | 041220s1990 xxu ||||1| eng d | ||
| 020 | _a0-85255-092-8 | ||
| 080 | _a960".../1498" | ||
| 245 | 0 | 0 |
_aAncient civilizations of Africa / _ceditor G. Mokhtar. |
| 250 | _aAbridged ed. | ||
| 260 |
_aCalifornia : _bJames Currey : _bUnesco, _c[1990] |
||
| 300 |
_aXIX, 420 p. : _bil. ; _c21 cm. |
||
| 490 | 1 |
_aGeneral history of Africa ; _v2 |
|
| 651 | 4 |
_aÁfrica- _xHistoria- _yHasta 1498 _97596 |
|
| 700 | 1 |
_aMokhtar, G. _981831 |
|
| 830 | 0 |
_aGeneral History of Africa _v2 _9231841 |
|
| 852 |
_aES-MaACL _jE-10597 _bR.134840 |
||
| 999 |
_c88765 _d88765 |
||